| 000 | 00895nam a22002177a 4500 | ||
|---|---|---|---|
| 999 |
_c19347 _d19347 |
||
| 003 | AR-CdUCM | ||
| 008 | 190517b ||||| |||| 00| 0 spa d | ||
| 020 | _a84-252-0499-2 | ||
| 040 |
_aMUNICIPALIDAD PROVINCIAL DEL CUSCO _cBIBLIOTECA MUNICIPAL DEL CUSCO |
||
| 082 |
_a620 / _bM86 |
||
| 100 |
_aMorales, Sola _940633 |
||
| 245 | _aVenturi complejidad y contradicción en la arquitectura / | ||
| 260 |
_aBarcelona : _bEditorial Gustavo, _c1974. |
||
| 300 |
_a234 paginas ; _bIlustraciones, graficos, dibujos, _c22 cm. |
||
| 505 | _aContenido: Un suave manifiesto en favor de una arquitectura equivocada -- La ambiguedad -- Niveles contradictorios -- Continucación de los niveles contradictorios -- La adoptación y las limitaciones del orden... | ||
| 650 |
_aArquitectura _93356 |
||
| 650 |
_aLiteratura _983 |
||
| 650 |
_aHistoria _9136 |
||
| 942 |
_2ddc _cLIBROS |
||
| 945 |
_apjha _d2019-05-17 |
||